00485nam a2200157Ia 4500008004100000020001800041050002400059100001800083245005600101260004100157300002100198500005100219521000800270650002600278650002300304140321s9999 xx 000 0 und d a9788192426433 aHF 5679b.G872 2013 aGriver, Aidan aIntroduction to digital accounting /cAidan Griver. aNew Delhi :bRandom Experts,cc2013. a248 p. :c24 cm. aIncludes bibliographical references and index. aBSA aAccountingxSoftware. aBusiness planning.